| 000 | 00538nam a2200169 i 4500 | ||
|---|---|---|---|
| 001 | 152320 | ||
| 003 | ES-MaACL | ||
| 005 | 20251003063132.0 | ||
| 008 | 931025s1865 sp x |||| | spa d | ||
| 100 | 1 |
_aBoix, Vicente, _d1813-1880 _929900 |
|
| 245 | 1 | 0 |
_aMemorias de Sagunto / _cVicente Boix ... |
| 260 |
_aValencia : _b[s.n.], _c1865 ( _fImp. de José Rius) |
||
| 300 |
_a6 h., 157 p., [1] h. de lám. ; _c24 cm. |
||
| 650 | 4 |
_aSagunto- _xHistoria. _9221852 |
|
| 852 |
_aES-MaACL _jC-2613 _z-- Rúst. |
||
| 999 |
_c152320 _d152320 |
||